000 00538cam a2200193 4500
008 000000n1999 000 0 eng u
020 _a1860813410
035 _a(Sirsi) u103811
050 _a690
110 _aBuilding Research Establishment
245 _aTermites and UK buildings: control and management of subterranean termites.
260 _aLondon
_bCRC
_c1999
300 _a4p. ; 30cm.
490 _aBRE Digest
_v443, Part 2
650 _aTERMITES
650 _aINSECT DAMAGE
690 _aBUILT ENVIRONMENT
942 _n0
999 _c100162
_d100162